Rozpoznaj kluby piłkarskie po flagach #1 - Statystyki

Ogólne statystyki
  • Ten quiz został rozwiązany 30 razy
  • Średni wynik to 10 z 12
Statystyki odpowiedzi
Obrazkowy Odpowiedź % Poprawnych
Napoli
96%
Paris Saint-Germain
96%
AS Roma
93%
Borussia Dortmund
93%
Chelsea
93%
Feyenoord
93%
FC Basel
82%
Szachtar Donieck
82%
RB Lipsk
79%
Wolverhampton
79%
Olympiakos
71%
Apoel
68%
Nie znaleziono quizów pasujących do podanych kryteriów
Rozkład punktacji
Procent ludzi z każdym wynikiem
Percentyl według liczby udzielonych odpowiedzi
Twoja historia wyników
Nie rozwiązałeś tego quizu